| 000 | 00462nam a22001577a 4500 | ||
|---|---|---|---|
| 008 | 151013b xxu||||| |||| 00| 0 eng d | ||
| 020 | _a0070189900 | ||
| 041 | 0 | _aeng | |
| 080 | _a537.8 | ||
| 100 | 1 | _aEdminister, Joseph. | |
| 245 | 1 | 0 |
_aSchaum's outline of theory and problems of electromagnetics / _cby Joseph A. Edminister. |
| 260 |
_aNew York : _bMcGraw-Hill, _c1979. |
||
| 300 |
_a202 f. : _bme il.; _c28 cm. |
||
| 650 | 0 | _aElektromagentika | |
| 942 |
_2udc _cBK |
||
| 999 |
_c1271 _d1271 |
||